=LDR 00000nam 2200000 4500 =001 INLIS000000000009408 =005 20200630012357 =035 ##$$a 0010-061300000009408 =008 200630################g##########0#ind## =041 ##$$a Ind =082 ##$$a 226.5 =090 ##$$a 232, Tis-f =100 ##$$a Tisera Sud, Guido =245 1#$$a Firman telah menjadi manusia, : $b Memahami injil yohanes /$c Guido Tisera Sud =260 ##$$a Yogyakarta :$b kanisius,$c 1992 =300 ##$$a 121 hlm, ; $c 21 x 15 cm. =650 #4$$a Al-kitab =850 ##$$a NBPNMAT =020 ##$$a 979-413-854-1 =084 ##$$a 226.5 TIS f =250 ##$$a cet. 1 =990 ##$$a DW00022341 =990 ##$$a DW00022195 =990 ##$$a DW00022196 =990 ##$$a 56.114 pro.93 =990 ##$$a 56.114 pro.93 =990 ##$$a DW00022341 =990 ##$$a DW00022195 =990 ##$$a DW00022196 =990 ##$$a DW00022196 =990 ##$$a DW00022341 =990 ##$$a DW00022195 =990 ##$$a 56.114 pro.93